[Event "CAN-ch U20"]
[Site "Brantford"]
[Date "2005.05.02"]
[Round "5"]
[White "Xia, Angel"]
[Black "Iv, Kieng"]
[Result "1-0"]
[WhiteElo "1896"]
[BlackElo "1466"]
[PlyCount "64"]
[EventDate "2005.04.??"]
[EventType "swiss"]
[EventRounds "9"]
[EventCountry "CAN"]
[SourceTitle "EXT 2006"]
[Source "ChessBase"]
[SourceDate "2005.11.24"]
[SourceVersion "1"]
[SourceVersionDate "2005.11.24"]
[SourceQuality "1"]

1. e4 c5 2. Nf3 Nc6 3. d4 cxd4 4. Nxd4 g6 5. Nc3 Bg7 6. Be3 e6 7. Ndb5 Bxc3+ 8. bxc3 d5 9. exd5 exd5 10. Bf4 Kf8 11. Nc7 Rb8 12. Nxd5 Ra8 13. c4 Kg7 14. Qd2 h5 15. Qc3+ f6 16. Nc7 Nh6 17. Nxa8 Re8+ 18. Be2 Nd4 19. Bxh6+ Kxh6 20. Qd2+ g5 21. 0-0-0 Rxe2 22. Qxd4 Qxd4 23. Rxd4 Rxf2 24. g3 Bf5 25. Rd2 Rf3 26. Kb2 Re3 27. Nc7 Re4 28. Kb3 Re3+ 29. c3 Re7 30. Nd5 Re6 31. Rf1 Kg6 32. Rdf2 Re5 1-0